Ohio brainroted rizz quiz (only for sigma Alpha) - Statystyki

Ogólne statystyki
  • Ten quiz został rozwiązany 290 razy
  • Średni wynik to 19 z 33
Statystyki odpowiedzi
Hint Odpowiedź % Poprawnych
Sigma sigma boy _____ ___ Sigma boy
81%
Oi oi oi ____ Baka
79%
_______ Toilet Skibidi
79%
Best party ever TikTok Rizz Party
78%
What's 🍑 peach emoji Gyatt
76%
Erm, What the _____ Sigma
74%
________ Battle pass Fortnite
71%
Best city in the brainrot world? Ohio
71%
If someone talks too much Yapping
71%
Shakes grom mcdonalds Grimace Shake
67%
Fanum ___ Tax
66%
Best job is (Hint: the anwser is Discord ___) Discord mod
63%
_____ Male Alpha
62%
Jawline Exercises Mewing
62%
Fattest person ever Caseoh
61%
If i can talk to woman who i AM? Rizzler
61%
Opposite of skibidi toilet Cameraman
58%
Goon or not goon? (Hint🟡🟨) Not goon
57%
Who Has a lot money MrBeast
56%
Who Has low taper fade? Ninja
56%
Who Has biggest forehead KSI
52%
Who is the best on tik tok rizz party? Blue Tie Kid
49%
Chicken nugget says: Gedaged
49%
Kai cenat rizzed ____ _____ Baby gronk
48%
Low Taper fade is Massive
47%
#2 city Oklahoma
47%
Best meme of 2023/2024/2025? Low Taper fade
45%
If someone steal your food Fanum tax
44%
Rizz rizz Rizz
40%
If someone looks better than you Mogging
37%
What's that, what's a ___ Dih
28%
If someone Yap about you good Glazing
26%
Faster no Nuh uh
16%
Nie znaleziono quizów pasujących do podanych kryteriów
Rozkład punktacji
Procent ludzi z każdym wynikiem
Percentyl według liczby udzielonych odpowiedzi
Twoja historia wyników
Nie rozwiązałeś tego quizu